Código penal anotado de 23 de diciembre de 1944 / (Record no. 44883)
[ view plain ]
| 000 -LEADER | |
|---|---|
| campo de control de longitud fija | 00715nam a2200181 i 4500 |
| 001 - NÚMERO DE CONTROL | |
| campo de control | 44883 |
| 003 - IDENTIFICADOR DE NÚMERO DE CONTROL | |
| campo de control | ES-MaACL |
| 005 - FECHA Y HORA DE LA ÚLTIMA TRANSACCIÓN | |
| campo de control | 20250927140112.0 |
| 007 - CAMPO FIJO DE DESCRIPCIÓN FÍSICA--INFORMACIÓN GENERAL | |
| campo de control de longitud fija | t| |
| 008 - DATOS DE LONGITUD FIJA--INFORMACIÓN GENERAL | |
| campo de control de longitud fija | 030324s1948 sp ||||1| spa d |
| 245 00 - MENCIÓN DEL TÍTULO | |
| Título | Código penal anotado de 23 de diciembre de 1944 / |
| Mención de responsabilidad, etc. | con un breve comentario y la más reciente jurisprudencia del Tribunal Supremo por Isaías Sánchez-Tejerina ; con la colaboración de Juan A. Sánchez Tejerina y Sanjurjo. |
| 260 ## - PUBLICACIÓN, DISTRIBUCIÓN, ETC. | |
| Lugar de publicación, distribución, etc. | Madrid : |
| Nombre del editor, distribuidor, etc. | Reus, |
| Fecha de publicación, distribución, etc. | [1948] |
| 300 ## - DESCRIPCIÓN FÍSICA | |
| Extensión | 709 p. ; |
| Dimensiones | 16 cm. |
| 700 1# - ENTRADA AGREGADA--NOMBRE PERSONAL | |
| Nombre de persona | Sánchez Tejerina, Isaías, |
| Fechas asociadas al nombre | 1892-1959 |
| 9 (RLIN) | 102947 |
| 700 0# - ENTRADA AGREGADA--NOMBRE PERSONAL | |
| Nombre de persona | Sánchez Tejerina y Sanjurjo, Juan Antonio. |
| 9 (RLIN) | 102948 |
| 852 ## - LOCALIZACIÓN | |
| Ubicación | ES-MaACL |
| Número de control de estantería | D-6696 |
| Sublocalización o colección | R.29159 |
| Estatus retirado | Estado de pérdida | Estado de daño | No para préstamo | Biblioteca de origen | Biblioteca actual | Ubicación en estantería | Fecha de adquisición | Fuente de adquisición | Total de préstamos | Signatura topográfica completa | Código de barras | Visto por última vez | Precio de reemplazo | Tipo de ítem Koha |
|---|---|---|---|---|---|---|---|---|---|---|---|---|---|---|
| Biblioteca del Ateneo de Madrid | Biblioteca del Ateneo de Madrid | Sala Valle Inclán | 17/01/2008 | D-6696 | 901047236 | 23/02/2023 | 23/02/2023 | Libro impreso |
